Statistics for French Numbers 1-100

Click here to take the quiz!

General Stats

  • This quiz has been taken 309 times
  • The average score is 68 of 100

Answer Stats

HintAnswer% Correct
1un
100%
2deux
97%
4quatre
97%
10dix
96%
7sept
96%
6six
96%
3trois
96%
5cinq
95%
9neuf
95%
8huit
94%
11onze
92%
12douze
90%
13treize
89%
20vingt
87%
19dix-neuf
85%
18dix-huit
84%
17dix-sept
84%
14quatorze
84%
15quinze
82%
16seize
82%
22vingt-deux
81%
21vingt et un
81%
30trente
80%
23vingt-trois
80%
24vingt-quatre
78%
25vingt-cinq
77%
28vingt-huit
77%
29vingt-neuf
77%
27vingt-sept
77%
26vingt-six
77%
31trente et un
74%
32trente-deux
73%
33trente-trois
71%
50cinquante
69%
40quarante
69%
60soixante
69%
35trente-cinq
69%
38trente-huit
69%
39trente-neuf
69%
34trente-quatre
69%
37trente-sept
69%
36trente-six
69%
61soixante et un
66%
42quarante-deux
65%
41quarante et un
65%
44quarante-quatre
65%
43quarante-trois
65%
62soixante-deux
65%
70soixante-dix
65%
51cinquante et un
64%
45quarante-cinq
64%
49quarante-neuf
64%
47quarante-sept
64%
46quarante-six
64%
63soixante-trois
64%
48quarante-huit
63%
64soixante-quatre
63%
67soixante-sept
63%
55cinquante-cinq
62%
52cinquante-deux
62%
58cinquante-huit
62%
59cinquante-neuf
62%
54cinquante-quatre
62%
57cinquante-sept
62%
56cinquante-six
62%
53cinquante-trois
62%
65soixante-cinq
62%
68soixante-huit
62%
69soixante-neuf
62%
66soixante-six
62%
100cent
60%
80quatre-vingts
60%
72soixante-douze
60%
90quatre-vingt-dix
58%
73soixante-treize
58%
74soixante-quatorze
57%
75soixante-quinze
57%
77soixante-dix-sept
55%
76soixante-seize
55%
78soixante-dix-huit
54%
79soixante-dix-neuf
54%
71soixante et onze
53%
82quatre-vingt-deux
51%
88quatre-vingt-huit
51%
91quatre-vingt-onze
51%
93quatre-vingt-treize
51%
83quatre-vingt-trois
51%
85quatre-vingt-cinq
50%
92quatre-vingt-douze
50%
89quatre-vingt-neuf
50%
87quatre-vingt-sept
50%
86quatre-vingt-six
50%
81quatre-vingt-un
50%
99quatre-vingt-dix-neuf
49%
84quatre-vingt-quatre
49%
94quatre-vingt-quatorze
47%
95quatre-vingt-quinze
47%
98quatre-vingt-dix-huit
46%
97quatre-vingt-dix-sept
46%
96quatre-vingt-seize
46%

Score Distribution

Percentile by Number Answered

Percent of People with Each Score

Your Score History

You have not taken this quiz